The passing of postmodernism (Record no. 78838)
[ view plain ]
| 000 -LEADER | |
|---|---|
| fixed length control field | 01484nam a2200385Ia 4500 |
| 082 04 - DEWEY DECIMAL CLASSIFICATION NUMBER | |
| Classification number | 809/.9113 |
| 100 1# - MAIN ENTRY--AUTHOR NAME | |
| Personal name | Toth, Josh. |
| 245 14 - TITLE STATEMENT | |
| Title | The passing of postmodernism |
| 260 ## - PUBLICATION, DISTRIBUTION, ETC. (IMPRINT) | |
| Place of publication | Albany : |
| Name of publisher | State University of New York Press, |
| Year of publication | c2010. |
| 300 ## - PHYSICAL DESCRIPTION | |
| Number of Pages | ix, 200 p. |
| 490 1# - SERIES STATEMENT | |
| Series statement | The SUNY series in postmodern culture |
| 650 #0 - SUBJECT ADDED ENTRY--TOPICAL TERM | |
| Topical Term | Postmodernism (Literature) |
| Topical Term | Semiotics and literature. |
| Topical Term | Criticism. |
| Topical Term | Poststructuralism. |
| 856 40 - ELECTRONIC LOCATION AND ACCESS | |
| Uniform Resource Identifier | http://site.ebrary.com/lib/rucke/Doc?id=10574159 |
No items available.
